Paesi Uniti #5 - Statistics

Statistiche generali
  • Questo quiz è stato fatto 2.276 volte
  • Il punteggio medio è 15 su 20
Risposte nella Mappa
Le risposte nella mappa del quiz sottostante sono codificate secondo una scala di colori dal rosso al verde in base alla % di persone che hanno risposto correttamente.
 
Statistiche sulle risposte
Paesi Uniti % Corretto
Cina
91%
Mongolia
90%
Russia
84%
Uruguay
83%
Argentina
82%
Colombia
81%
Corea del Nord
81%
Corea del Sud
81%
Venezuela
81%
Bulgaria
80%
Serbia
80%
Georgia
78%
Finlandia
71%
Svezia
70%
Niger
67%
Burkina Faso
61%
Indonesia
54%
Malesia
53%
Botswana
48%
Zimbabwe
48%
Nessun quiz corrispondente trovato
Distribuzione punteggi
Percentuale di utenti per punteggio
Percentile per numero di risposta
I tuoi punteggi nel tempo
Non hai fatto questo quiz